Music Quiz

Random Music or Artist Quiz

Guess the songs from the lyrics! Quiz Stats

 Plays Quiz not verified by Sporcle

Score 0/20 Timer 08:00
0 Plays Today
lyrics song % Correct
Just a small town girl/ livin' in a lonely worldDon't Stop Believing
89.6%
On a dark desert highway, cool wind in my hairHotel California
80.2%
Ah, look at all the lonely peopleEleanor Rigby
71.7%
All the leaves are brown/ and the sky is grayCalifornia Dreamin'
50.9%
I'm sailing away/ set an open course for the virgin seaCome Sail Away
50%
Bicycle, bicycle, bicycle, I want to ride myBicycle Race
46.2%
[Aaaah-ah, Aaaah-ah] We come from the land of the ice and snowImmigrant Song
40.6%
Out here in the fields/ I fight for my mealsBaba O' Riley
38.7%
Hello, is there anybody in there?Comfortably Numb
37.7%
As he came into the window, was a sound of a crescendoSmooth Criminal
33%
lyrics song % Correct
I close my eyes, only for a moment and the moment's goneDust in the Wind
33%
Backstroke lover always hidin' 'neath the coversWalk This Way
32.1%
I look at you all, see the love there that's sleepingWhile My Guitar Gently Weeps
30.2%
What'll you do when you get lonely/ and nobody's waiting by your side? Layla
21.7%
I'm sittin' in the railway station/ got a ticket for my destinationHomeward Bound
18.9%
Hey kids, shake it loose together/ The spotlight's hitting something that's been known to change the weather Bennie and the Jets
13.2%
No more carefree laughter/ silence ever afterKnowing Me, Knowing You
9.4%
I was dreamin' of the past/ and my heart was beating fastJealous Guy
9.4%
Crimson flames tied through my ears/ rollin' high and mighty trapsMy Back Pages
5.7%
Where did your long hair go?Caroline, No
3.8%

You're not logged in!

Compare scores with friends on all Sporcle quizzes.
OR
Log In

Show Comments

Extras

Created Nov 28, 2010ReportNominate
Tags:Artist Quiz, Song Quiz

Top Quizzes Today


Score Distribution

Your Account Isn't Verified!

In order to create a playlist on Sporcle, you need to verify the email address you used during registration. Go to your Sporcle Settings to finish the process.

Report this User

Report this user for behavior that violates our Community Guidelines.

Details: